Znani przywódcy państw z danego okresu historycznego. - Statystyki

Ogólne statystyki
  • Ten quiz został rozwiązany 256 razy
  • Średni wynik to 7 z 12
Statystyki odpowiedzi
Era Państwo Władca % Poprawnych
Starożytność Cesarstwo Rzymskie Juliusz Cezar
95%
Starożytność Macedonia Aleksander Wielki
91%
XX wiek ZSRR Józef Stalin
88%
XX wiek III Rzesza Adolf Hitler
86%
XX wiek Włochy Benito Mussolini
81%
Starożytność Egipt Kleopatra
73%
XIX wiek Cesarstwo Francuskie Napoleon Bonaparte
68%
Średniowiecze Węgry I Polska Ludwik Węgierski
48%
Średniowiecze Święte Cesarstwo Rzymskie Otton III
42%
Nowożytność Cesarstwo Rosyjskie Katarzyna II Wielka
26%
XIX wiek Cesarstwo Rosyjskie Mikołaj II Romanow
19%
Średniowiecze Polska Jan III Sobieski
12%
Nie znaleziono quizów pasujących do podanych kryteriów
Rozkład punktacji
Procent ludzi z każdym wynikiem
Percentyl według liczby udzielonych odpowiedzi
Twoja historia wyników
Nie rozwiązałeś tego quizu